| 000 | 00408nam a22001697a 4500 | ||
|---|---|---|---|
| 003 | CEME | ||
| 005 | 20210628205416.0 | ||
| 008 | 210315b xxu||||| |||| 00| 0 eng d | ||
| 020 | _a0-412-72570-3 | ||
| 040 | _c. | ||
| 082 | _a620.1924 POT'R | ||
| 100 |
_aPotter, Kevin _975422 |
||
| 245 | _aResin transfer moudling | ||
| 260 |
_aLONDON _bCHAPMAN & HALL _c1997 |
||
| 300 | _aXIII, 246P | ||
| 942 |
_cBK _2ddc |
||
| 999 |
_c580837 _d580837 |
||